ბათუმის შოთა რუსთაველის სახელმწიფო უნივერსიტეტის ბიბლიოთეკა

აღმოსავლური ფილოლოგია : კრ. 3 : (ბიბ.ჩანაწერი № 52919)

000 -ლიდერი
ფიქსირებული სიგრძის საკონტროლო ველი 01268nam a2200253Ia 4500
001 - საკონტროლო ნომერი
საკონტროლო ველი 19949
003 - საკონტროლო ნომრის იდენტიფიკატორი
საკონტროლო ველი GE_BSU
005 - ბოლო ოპერაციის თარიღი და დრო
საკონტროლო ველი 20200519222346.0
008 - ფიქსირებული სიგრძის მონაცემთა ელემენტები - ზოგადი ინფორმაცია
ფიქსირებული სიგრძის საკონტროლო ველი 181216s1973||||ge |||||||||||||| ||geo||
040 ## - კატალოგიზაციის წყარო
Transcribing agency GE_BSU
041 ## - ენის კოდი
Language code of text/sound track or separate title geo
080 ## - უნივერსალური ათობითი კლასიფიკაციის ინდექსი
Universal Decimal Classification number 811(-11) + 821(-11) ა–92
245 ## - ცნობა სათაურის შესახებ
Title აღმოსავლური ფილოლოგია : კრ. 3 :
Remainder of title სტატიების კრებული /
Statement of responsibility, etc სარედ. კოლ. : გ. წერეთელი, ვლ. ახვლედიანი, თ. გამყრელიძე და სხვ.
264 ## - წარმოების, გამოცემის, დისტრიბუციის და სხვა ცნობები
გამოცემის, წარმოების, დისტრიბუციის... ადგილი თბილისი :
გამოცემის, წარმოების, დისტრიბუციის... სახელწოდება მეცნიერება,
გამოცემის, წარმოების, დისტრიბუციის... თარიღი 1973.
300 ## - ფიზიკური აღწერა
Extent 352 გვ. :
Other physical details 1 ფ. ილ. ;
Dimensions 26 სმ.
500 ## - ზოგადი შენიშვნა
General note ეძღვნება ს. ჯიქიას დაბადების 75 წლისთავს.
546 ## - LANGUAGE NOTE
Language note ზოგიერთი სტატია რუსულ ენაზე
546 ## - LANGUAGE NOTE
Language note ციტატები თურქული ენაზე
653 ## - INDEX TERM--UNCONTROLLED
Uncontrolled term აღმოსავლეთმცოდნეობა
653 ## - INDEX TERM--UNCONTROLLED
Uncontrolled term აღმოსავლური ფილოლოგია
653 ## - INDEX TERM--UNCONTROLLED
Uncontrolled term სტატიების კრებული
942 ## - ADDED ENTRY ELEMENTS (KOHA)
Koha item type წიგნი
Source of classification or shelving scheme
ეგზემპლარები
ჩამოწერის სტატუსი დაკარგული ეგზემპლარის სტატუსი კლასიფიკაციის წყარო ან თაროზე გაწყობის სქემა დაზიანების სტატუსი არ გაიცემა მუდმივი მდებარეობა (დაცვის ადგილი) ამჟამინდელი ადგილსამყოფელი თაროზე განთავსების ადგილი შეძენის თარიღი ღირებულება, შესყიდვის ნორმალური ფასი სრული შენახვის შიფრი შტრიხკოდი ბოლო ოპერაციის თარიღი ეგზემპლარის მიმდევრობითი ნომერი (კეტერი?) ფასის ძალაში შესვლის თარიღი ეგზემპლარის სახეობა საჯარო შენიშვნა
          ბათუმის შოთა რუსთაველის სახელმწიფო უნივერსიტეტის მთავარი ბიბლიოთეკა ბათუმის შოთა რუსთაველის სახელმწიფო უნივერსიტეტის მთავარი ბიბლიოთეკა წიგნსაცავი 2018-12-17 5.34 811(-11) + 821(-11) ა–92 52492 2018-12-17 52492 2018-12-17 წიგნი 5.34 ლ